000 00421pab a2200145 454500
008 180718b2003 xxu||||| |||| 00| 0 eng d
100 _aKothari, Sadhana
245 _aFemale occupational structure in Rajasthan - a regional analysis
260 _c2003
300 _ap.99-107.
650 _aWomen workers - India - Rajasthan
650 _aWomen workers
773 _aIndian Journal of Regional Science
909 _a56962
999 _c56962
_d56962